al-Naql al-dākhilī / (Record no. 46828)

MARC details
000 -LEADER
fixed length control field 00715cam a22002291a 4500
001 - CONTROL NUMBER
control field ne 64000728
003 - CONTROL NUMBER IDENTIFIER
control field DLC
005 - DATE AND TIME OF LATEST TRANSACTION
control field 20260227111757.0
008 - FIXED-LENGTH DATA ELEMENTS--GENERAL INFORMATION
fixed length control field 911211s1963 ua a b 000 0 ara
010 ## - LIBRARY OF CONGRESS CONTROL NUMBER
LC control number ne 64000728
035 ## - SYSTEM CONTROL NUMBER
System control number (OCoLC)24931614
040 ## - CATALOGING SOURCE
Original cataloging agency DLC
Transcribing agency MWalB
Modifying agency MWalB
-- DLC
042 ## - AUTHENTICATION CODE
Authentication code premarc
050 00 - LIBRARY OF CONGRESS CALL NUMBER
Classification number TS149
Item number .J28
100 1# - MAIN ENTRY--PERSONAL NAME
Personal name Jaʻfar, ʻIṣmat Ḥusayn.
245 13 - TITLE STATEMENT
Title al-Naql al-dākhilī /
Statement of responsibility, etc. ʻIṣmat Ḥusayn Jaʻfar.
260 ## - PUBLICATION, DISTRIBUTION, ETC.
Place of publication, distribution, etc. al-Qāhirah :
Name of publisher, distributor, etc. Maktabat al-Anjilū al-Miṣrīyah,
Date of publication, distribution, etc. [1963?]
300 ## - PHYSICAL DESCRIPTION
Extent 240 p. :
Other physical details ill. ;
Dimensions 24 cm.
490 0# - SERIES STATEMENT
Series statement Majmūʻah al-idārah wa-al-intāj ;
Volume/sequential designation 4
504 ## - BIBLIOGRAPHY, ETC. NOTE
Bibliography, etc. note Includes bibliographical references (p. [241])
650 #0 - SUBJECT ADDED ENTRY--TOPICAL TERM
Topical term or geographic name entry element Materials handling.

No items available.

Powered by Koha